LDR 00400naa#a2200145#i#450# 001 EN\\bibl\121650 005 20260516144004.6 011 ## _a0536-101X 100 ## _a20251226b2025####ek#y0engy0150####ca 102 ## _aRU 200 1# _aYury Isidorovich Markuze: 90 Years since His Birth _eJournal article 210 1# _aMoscow _cMIIGAiK _d2025 215 ## _a1 с. 608 ## _aJournal article _2local 856 4# _amiigaik.editorum.ru _u